000 00813nam a2200265 a 4500
001 BRL_644
005 20190320210832.0
008 170913s1984----mx-#######---#000-0#spa-#
020 _a9682901995
041 _aspa
044 _amx
050 4 _aF1231.5
_b.G66 1984
100 1 _aGonzález y González, Luis
_d1925-
_9721
245 1 0 _aLa Ronda de las Generaciones
_bLos protagonistas de la Reforma y la Revolución Mexicana
_cLuis González.
260 _aMéxico
_bSEP Cultura
_c1984
300 _a131 p.
_c21 cm.
440 0 _aForo 2000
_924505
500 _aAu715
650 1 4 _aGeneraciones
_zMéxico
_924506
651 4 _aMéxico
_xHistoria
_y1810-
_924507
651 4 _aMéxico
_xHistoria
_yRevolución, 1910-1920
_94975
651 4 _aMéxico
_xCondiciones sociales
_9810
902 _aGRL
942 _2lcc
_cB
999 _c9456
_d9456